000 00697nam a2200241 i 4500
001 C2-0242817
003 PPAK
005 20180727204727.0
008 021003s2002 my a|||| ||||| | eng d
020 _a9839778730
040 _aPPAK
_beng
_cPPAK
_erda
082 0 4 _a133.333
_223
090 0 0 _a133.333
_bTOO
_dR
100 1 _aToo, Lillian,
_eauthor
245 1 4 _aThe ABC of feng shui :
_bthe ultimate reference guide on feng shui
264 1 _aKuala Lumpur :
_bKonsep Lagenda ,
_c2002
300 _av, 202 pages :
_bcolour illustrations ;
_c27 cm
336 _2rdacontent
_atext
337 _2rdamedia
_aunmediated
338 _2rdacarrier
_avolume
650 1 0 _aFeng Shui
942 _ddc
_cB
999 _c57532
_d57532